[Event "36 R.G.Nezhmetdinov Memorial"]
[Site ", "]
[Date "2014.06.01"]
[Round "2.30"]
[White "Faizrakhmanov, Ramil"]
[Black "Fraiman, Dmitry"]
[Result "1-0"]
[WhiteElo "2364"]
[BlackElo "2094"]
[PlyCount "111"]
[EventDate "2015.??.??"]

1. d4 Nf6 2. c4 g6 3. Nc3 Bg7 4. e4 d6 5. h3 O-O 6. Bg5 c5 7. d5 e6 8. Bd3 exd5
9. cxd5 Re8 10. Nf3 c4 11. Bc2 b5 12. a3 a5 13. O-O Qb6 14. Qd4 Qxd4 15. Nxd4
Nxe4 16. Nxe4 Rxe4 17. Bxe4 Bxd4 18. Rab1 Nd7 19. Bf4 Be5 20. Bxe5 Nxe5 21. b3
f5 22. Bf3 Nxf3+ 23. gxf3 c3 24. b4 axb4 25. axb4 Ra3 26. Rbc1 f4 27. Ra1 Rxa1
28. Rxa1 Bf5 29. Kf1 Bxh3+ 30. Ke2 Bf5 31. Ra5 c2 32. Kd2 h5 33. Rxb5 h4 34.
Ra5 h3 35. Ra1 Kf8 36. Re1 Bc8 37. Kxc2 Bb7 38. Rh1 Bxd5 39. Rxh3 Ke7 40. Rh7+
Kd8 41. Rh4 g5 42. Rg4 Bxf3 43. Rxg5 Kc7 44. Kc3 Be2 45. Rf5 f3 46. Kd4 Kc6 47.
Ke3 d5 48. Kd4 Kb5 49. Kc3 Kc6 50. Rh5 Bc4 51. Rh6+ Kb5 52. Rd6 Ba2 53. Rf6 d4+
54. Kxd4 Kxb4 55. Rxf3 Kb5 56. Rf6 1-0

[Event "36 R.G.Nezhmetdinov Memorial"]
[Site ", "]
[Date "2014.06.01"]
[Round "2.31"]
[White "Ponkratov, Pavel"]
[Black "Mischeryakov, Alexey"]
[Result "1-0"]
[WhiteElo "2595"]
[BlackElo "1945"]
[PlyCount "49"]
[EventDate "2015.??.??"]

1. d4 Nf6 2. c4 g6 3. Nc3 Bg7 4. e4 d6 5. h3 O-O 6. Be3 e5 7. d5 a5 8. Nf3 Nh5
9. Nd2 Qe8 10. c5 Bd7 11. cxd6 cxd6 12. Nc4 Ra6 13. Nb6 Rxb6 14. Bxb6 f5 15.
Bc7 Qe7 16. Qb3 Bh6 17. g3 Qg5 18. Qc2 Rc8 19. Bb6 Na6 20. Bxa6 bxa6 21. Be3 f4
22. Bd2 Nxg3 23. Rg1 Qh4 24. fxg3 Qxh3 25. O-O-O 1-0

[Event "36 R.G.Nezhmetdinov Memorial"]
[Site ", "]
[Date "2014.06.01"]
[Round "2.32"]
[White "Sadykov, Renat"]
[Black "Demidov, Mikhail"]
[Result "0-1"]
[WhiteElo "2069"]
[BlackElo "2512"]
[PlyCount "34"]
[EventDate "2015.??.??"]

1. e4 g6 2. d4 Bg7 3. Nc3 d6 4. Bg5 c6 5. Qd2 Qa5 6. O-O-O Bxd4 7. Qxd4 Qxg5+
8. Kb1 Nf6 9. h4 Qc5 10. Qd2 b5 11. Bd3 Be6 12. f4 Ng4 13. e5 d5 14. h5 Rg8 15.
Nh3 Nd7 16. Ng5 Nf8 17. hxg6 hxg6 0-1

[Event "36 R.G.Nezhmetdinov Memorial"]
[Site ", "]
[Date "2014.06.01"]
[Round "2.33"]
[White "Rodchenkov, Vitaly"]
[Black "Ioffe, Dmitry"]
[Result "1-0"]
[WhiteElo "2328"]
[BlackElo "2077"]
[PlyCount "79"]
[EventDate "2015.??.??"]

1. e4 e5 2. Nf3 Nc6 3. Bb5 Bc5 4. c3 Nf6 5. O-O O-O 6. d4 Bb6 7. Bg5 h6 8. Bh4
d6 9. dxe5 dxe5 10. Qe2 Qe7 11. Nbd2 Nd8 12. Nc4 c6 13. Nxb6 axb6 14. Bc4 Ne6
15. Bg3 Ng5 16. Nxg5 hxg5 17. Qe3 Be6 18. Bxe6 Qxe6 19. f3 Nd7 20. Qxg5 Rxa2
21. Rxa2 Qxa2 22. Qe7 Nc5 23. b4 Nd3 24. Bxe5 Nxe5 25. Qxe5 Rd8 26. Qc7 Rd2 27.
Qc8+ Kh7 28. Qh3+ Kg8 29. f4 Qc2 30. e5 Re2 31. Ra1 Kf8 32. Qh8+ Ke7 33. Qxg7
Qf5 34. Qg3 Re4 35. Qh4+ Ke6 36. Qd8 Qg6 37. Rf1 Kf5 38. Qd7+ Qe6 39. Qd3 Qd5
40. Qh3+ 1-0

[Event "36 R.G.Nezhmetdinov Memorial"]
[Site ", "]
[Date "2014.06.01"]
[Round "2.34"]
[White "Fedotov, Nikita"]
[Black "Davydov, Sergey P"]
[Result "1-0"]
[WhiteElo "2017"]
[BlackElo "2252"]
[PlyCount "89"]
[EventDate "2015.??.??"]

1. Nf3 Nf6 2. g3 d5 3. Bg2 c6 4. O-O Bf5 5. d3 h6 6. Nbd2 e6 7. c4 Nbd7 8. b3
a5 9. Bb2 Nc5 10. Ne5 Be7 11. d4 Ncd7 12. Nxd7 Qxd7 13. f3 c5 14. e4 dxe4 15.
fxe4 Bg4 16. Qe1 e5 17. dxe5 Nh5 18. Rf2 O-O 19. Nf1 Bg5 20. Ne3 Bxe3 21. Qxe3
b6 22. Rd2 Qc8 23. Rd6 Rb8 24. Rf1 b5 25. cxb5 Rxb5 26. Rc1 a4 27. Bf1 Qb7 28.
Bxb5 Qxb5 29. Rxc5 Qb7 30. Rc4 axb3 31. Qxb3 Qa7+ 32. Bd4 Qa5 33. Bc3 Qa7+ 34.
Rcd4 Kh7 35. Kg2 Rb8 36. Qc2 g6 37. a4 Rc8 38. Qd2 Qc5 39. Rd3 Qc4 40. R6d4 Qc6
41. Qe3 Ng7 42. Bd2 Nf5 43. Qf4 Be2 44. Rc3 Qb7 45. Rxc8 1-0

[Event "36 R.G.Nezhmetdinov Memorial"]
[Site ", "]
[Date "2014.06.01"]
[Round "2.35"]
[White "Yuferev, Oleg"]
[Black "Zhdanov, Petr"]
[Result "1/2-1/2"]
[WhiteElo "2250"]
[BlackElo "2021"]
[PlyCount "173"]
[EventDate "2015.??.??"]

1. Nf3 Nf6 2. c4 e6 3. g3 d5 4. d4 dxc4 5. Bg2 Nc6 6. Qa4 Bb4+ 7. Bd2 Nd5 8.
Bxb4 Ndxb4 9. O-O O-O 10. a3 Nd5 11. Qxc4 Nb6 12. Qc3 Qe7 13. Nbd2 Re8 14. Rac1
e5 15. dxe5 Bg4 16. e3 Rad8 17. h3 Bc8 18. Nd4 Nxe5 19. Qxc7 Rd7 20. Qc2 Nd5
21. Qb3 Nf6 22. Rc2 Rc7 23. Rfc1 Rxc2 24. Rxc2 h5 25. Qb4 Qd8 26. Qc5 Nd3 27.
Qc7 Qxc7 28. Rxc7 Nxb2 29. N2b3 a6 30. Na5 b5 31. Nb7 Nc4 32. a4 Bxb7 33. Bxb7
Na5 34. Bxa6 bxa4 35. Bb5 Rb8 36. Bxa4 Rb1+ 37. Kg2 Rb2 38. Bc2 g6 39. Rc5 Nb7
40. Rc6 Nd5 41. Kf1 Kg7 42. Be4 Nf6 43. Bf3 Na5 44. Rc7 Ne8 45. Rc3 Nf6 46. Kg2
Nb7 47. Rc6 Ne8 48. Rc2 Rxc2 49. Nxc2 Nc5 50. Nd4 Nd6 51. Bd5 f6 52. Kf3 g5 53.
Ne6+ Nxe6 54. Bxe6 f5 55. h4 Kf6 56. Bb3 Ne4 57. hxg5+ Kxg5 58. Kg2 Nf6 59. Bd1
Nd5 60. f4+ Kg6 61. Kf3 Nf6 62. Bc2 Ng4 63. e4 fxe4+ 64. Bxe4+ Kf6 65. Bb1 Nh2+
66. Kg2 Ng4 67. Kh3 Kg7 68. Kh4 Kh6 69. Bc2 Ne3 70. Be4 Ng4 71. Bf3 Ne3 72. Kh3
Kg6 73. Bc6 Ng4 74. Be8+ Kh6 75. Kg2 Nf6 76. Bf7 Kg7 77. Bb3 Ng4 78. Be6 Nf6
79. Kf3 Kg6 80. Ke3 Nh7 81. Bd5 Nf6 82. Be4+ Kh6 83. Bf3 Kg6 84. Kd4 Kf5 85.
Ke3 Ng4+ 86. Kd4 Nf6 87. Ke3 1/2-1/2

[Event "36 R.G.Nezhmetdinov Memorial"]
[Site ", "]
[Date "2014.06.01"]
[Round "2.36"]
[White "Yapparov, Timur"]
[Black "Matskevich, Ivan"]
[Result "1-0"]
[WhiteElo "2215"]
[BlackElo "2009"]
[PlyCount "59"]
[EventDate "2015.??.??"]

1. Nf3 c5 2. c4 Nc6 3. d4 cxd4 4. Nxd4 g6 5. e4 Bg7 6. Be3 Nf6 7. Nc3 d6 8. Be2
O-O 9. O-O Ne5 10. f3 Bd7 11. Qd2 Rc8 12. b3 a6 13. Rac1 a5 14. Ndb5 Bxb5 15.
Nxb5 Ned7 16. Rfd1 Nc5 17. e5 Ne8 18. exd6 Nxd6 19. Na7 Nf5 20. Qxd8 Rfxd8 21.
Rxd8+ Rxd8 22. Bxc5 Rd2 23. Bf1 Rxa2 24. Rd1 Rb2 25. Nc8 Bf6 26. Rd3 Kg7 27.
Nb6 Be5 28. Nd5 e6 29. Ne3 Nxe3 30. Bxe3 1-0

[Event "36 R.G.Nezhmetdinov Memorial"]
[Site ", "]
[Date "2014.06.01"]
[Round "2.37"]
[White "Korovin, Mikhail"]
[Black "Mingatin, Mars"]
[Result "1-0"]
[WhiteElo "2197"]
[BlackElo "2004"]
[PlyCount "119"]
[EventDate "2015.??.??"]

1. d4 Nf6 2. c4 e6 3. Nf3 h6 4. a3 d5 5. Nc3 c5 6. dxc5 Bxc5 7. cxd5 exd5 8. e3
O-O 9. Be2 Nc6 10. b4 Bb6 11. Na4 Bc7 12. Bb2 b6 13. Rc1 Bb7 14. O-O Re8 15.
Nc3 Rc8 16. Qb3 a6 17. Rfd1 Ne5 18. Nxe5 Bxe5 19. Bf3 Qd6 20. g3 Red8 21. Ne2
Bxb2 22. Qxb2 Qe7 23. Rxc8 Rxc8 24. Qd4 b5 25. Nf4 Rc4 26. Qd3 Qe5 27. Qe2 Ne4
28. Nd3 Qf6 29. Bxe4 dxe4 30. Nc5 Bc8 31. h4 Kh7 32. Rd4 Rc1+ 33. Kg2 Qf5 34.
g4 Qf6 35. Nxe4 Qxh4 36. Ng3 Bb7+ 37. f3 Qf6 38. Qd3+ g6 39. Rf4 Qe6 40. Ne2
Qa2 41. e4 Rc7 42. Kf2 Qe6 43. Qd4 Bc8 44. Rf6 Qe7 45. Rd6 Rc4 46. Qd2 Qh4+ 47.
Kg2 h5 48. Qf4 Kg8 49. gxh5 Bh3+ 50. Kh2 Qxh5 51. Rd8+ Kg7 52. Ng3 Rc2+ 53. Kg1
Rg2+ 54. Kh1 Rxg3 55. Qxg3 Be6+ 56. Kg2 Kf6 57. Qf4+ Kg7 58. e5 Bf5 59. Kf2 Qh6
60. Rg8+ 1-0

[Event "36 R.G.Nezhmetdinov Memorial"]
[Site ", "]
[Date "2014.06.01"]
[Round "2.38"]
[White "Bakunin, Damir"]
[Black "Mirzanurov, Bulat"]
[Result "0-1"]
[WhiteElo "1992"]
[BlackElo "2195"]
[PlyCount "114"]
[EventDate "2015.??.??"]

1. e4 c5 2. Nf3 d6 3. d4 cxd4 4. Nxd4 Nf6 5. Nc3 a6 6. Bc4 e6 7. Bb3 Nbd7 8. f4
Qc7 9. f5 Nc5 10. fxe6 fxe6 11. O-O Be7 12. Bg5 Nxb3 13. axb3 O-O 14. Kh1 Bd7
15. Qe2 b5 16. b4 Qc4 17. Qxc4 bxc4 18. Nf3 h6 19. Bh4 g5 20. Bg3 Ng4 21. Rae1
Rab8 22. h3 Nf6 23. Bh2 e5 24. Na2 g4 25. Nh4 Nh5 26. Rxf8+ Bxf8 27. hxg4 Bxg4
28. Ng6 Kg7 29. Nxf8 Rxf8 30. Kg1 Rb8 31. Kf2 Nf6 32. Ke3 Bh5 33. Bg1 Bg6 34.
Kf3 Rf8 35. Nc3 Nxe4+ 36. Ke2 Nxc3+ 37. bxc3 Bxc2 38. Ra1 Bd3+ 39. Kd2 Rf1 40.
Rxf1 Bxf1 41. g3 Kf6 42. Be3 h5 43. Bb6 d5 44. Ke3 Ke6 45. Bc7 Bd3 46. Bb8 Bb1
47. Bc7 d4+ 48. cxd4 e4 49. Kd2 Kd5 50. Bb6 e3+ 51. Kxe3 c3 52. Bc5 Kc4 53. Ke2
Bc2 54. Ke3 Bf5 55. Ke2 Bg4+ 56. Ke3 Kb3 57. d5 c2 0-1

[Event "36 R.G.Nezhmetdinov Memorial"]
[Site ", "]
[Date "2014.06.01"]
[Round "2.39"]
[White "Murtazin, Bulat"]
[Black "Teimurov, Artur"]
[Result "1-0"]
[WhiteElo "2176"]
[BlackElo "1934"]
[PlyCount "87"]
[EventDate "2015.??.??"]

1. d4 d5 2. c4 dxc4 3. Nf3 Nf6 4. e3 a6 5. Bxc4 b5 6. Bb3 e6 7. O-O Bb7 8. a4
Nbd7 9. Qe2 b4 10. Nbd2 Be7 11. e4 c5 12. e5 Nd5 13. Bc2 cxd4 14. Nb3 d3 15.
Bxd3 Nc5 16. Nxc5 Bxc5 17. Bb5+ axb5 18. Qxb5+ Qd7 19. Qxc5 Ba6 20. Re1 Rc8 21.
Qd4 Rc4 22. Qd1 O-O 23. Ng5 f6 24. exf6 Rxf6 25. b3 Rc8 26. Bb2 Rh6 27. Qg4 Re8
28. Rad1 Bb7 29. h3 Rg6 30. Qh4 h6 31. Nf3 Qf7 32. Ne5 Nf4 33. Nxg6 Qxg6 34.
Qg3 Qxg3 35. fxg3 Nxg2 36. Re2 Bf3 37. Rdd2 Bxe2 38. Rxe2 Nh4 39. gxh4 Kf7 40.
Re4 Rb8 41. Rf4+ Kg8 42. Rg4 Rb7 43. a5 Ra7 44. Rxg7+ 1-0

[Event "36 R.G.Nezhmetdinov Memorial"]
[Site ", "]
[Date "2014.06.01"]
[Round "2.40"]
[White "Mardakhaev, Semen"]
[Black "Dilmukhametov, Artur"]
[Result "0-1"]
[WhiteElo "1917"]
[BlackElo "2164"]
[PlyCount "144"]
[EventDate "2015.??.??"]

1. d4 Nf6 2. Bf4 g6 3. c3 Bg7 4. e3 d6 5. Bd3 Nh5 6. Bg3 Nxg3 7. hxg3 c5 8. Nd2
Nc6 9. Ngf3 cxd4 10. exd4 Bg4 11. Qb3 Na5 12. Qa4+ Bd7 13. Bb5 Nc6 14. Qb3 O-O
15. d5 Na5 16. Qa4 Bxb5 17. Qxb5 a6 18. Qd3 Rc8 19. Nd4 b5 20. b4 Nc4 21. N2b3
Qd7 22. O-O Ne5 23. Qd2 Qb7 24. Ne2 Nc4 25. Qd3 Rc7 26. Qe4 e6 27. Rfd1 Re7 28.
Qd3 Qxd5 29. Qxd5 exd5 30. Nf4 Nb6 31. Rac1 Bh6 32. Rc2 Bxf4 33. gxf4 Rc8 34.
Nc1 Re4 35. Nd3 d4 36. f3 Re3 37. Kf2 Nd5 38. Ne1 Rexc3 39. Rxc3 Nxc3 40. Rxd4
Nxa2 41. Nd3 Rc4 42. Rxd6 Nxb4 43. Nxb4 Rxb4 44. f5 gxf5 45. Rxa6 f4 46. Rb6
Kg7 47. Kg1 Rb1+ 48. Kh2 h5 49. Rd6 Rb4 50. Rd5 Kg6 51. Rd8 f6 52. Rg8+ Kh7 53.
Rf8 Kg7 54. Rd8 Kh6 55. Rd6 Kg5 56. Rd5+ Kg6 57. Rd6 Rc4 58. Rd5 b4 59. Rb5 Rd4
60. Kh3 Rd1 61. Kh2 Rb1 62. g3 fxg3+ 63. Kxg3 b3 64. f4 b2 65. Kh2 h4 66. Kg2
f5 67. Kh2 h3 68. Rb6+ Kh5 69. Rb5 Kg4 70. Rb4 Kf3 71. Rb3+ Kxf4 72. Kxh3 Rh1+
0-1

[Event "36 R.G.Nezhmetdinov Memorial"]
[Site ", "]
[Date "2014.06.01"]
[Round "2.41"]
[White "Kavyev, Ruslan"]
[Black "Pershin, Denis"]
[Result "0-1"]
[WhiteElo "1880"]
[BlackElo "2157"]
[PlyCount "52"]
[EventDate "2015.??.??"]

1. e4 c5 2. Nf3 d6 3. d4 cxd4 4. Nxd4 Nf6 5. Nc3 Nc6 6. Bg5 Qb6 7. Nb3 e6 8.
Qd2 a6 9. O-O-O Qc7 10. Kb1 Rb8 11. f4 b5 12. g3 b4 13. Bxf6 gxf6 14. Ne2 a5
15. Ned4 Nxd4 16. Nxd4 Bd7 17. Be2 Qc5 18. Nb3 Qc7 19. Bh5 a4 20. Nd4 Qc5 21.
f5 Ke7 22. fxe6 fxe6 23. Bg4 h5 24. Bh3 Bh6 25. Qe2 Rhf8 26. Qxh5 Qxh5 0-1

[Event "36 R.G.Nezhmetdinov Memorial"]
[Site ", "]
[Date "2014.06.01"]
[Round "2.42"]
[White "Pushkin, Eduard"]
[Black "Galimov, Ildus"]
[Result "1-0"]
[WhiteElo "2150"]
[BlackElo "1926"]
[PlyCount "91"]
[EventDate "2015.??.??"]

1. c4 e5 2. g3 d6 3. Bg2 Nc6 4. Nc3 g6 5. e3 Bg7 6. Nge2 h5 7. d4 exd4 8. Nxd4
Nxd4 9. exd4 h4 10. O-O $2 hxg3 11. Re1+ Ne7 12. hxg3 O-O $2 13. Bg5 f6 14. Bf4
Nc6 15. Bd5+ Rf7 16. c5 Ne7 17. Bxf7+ Kxf7 18. cxd6 cxd6 19. Qb3+ d5 20. Rxe7+
Qxe7 21. Nxd5 Qe6 22. Nc7 Qxb3 23. axb3 Rb8 24. Nd5 Be6 25. Bxb8 Bxd5 26. Rxa7
Ke6 27. Bc7 Kd7 28. Bf4 Kc6 29. b4 f5 30. Be3 Bf8 31. Bd2 Bg7 32. Bc3 g5 33. f3
g4 34. fxg4 fxg4 35. Kf2 Bh6 36. Ra1 Bg7 37. Re1 b6 38. Re7 Bf6 39. Rh7 Bd8 40.
b5+ Kd6 41. Bd2 Bc4 42. Rh5 Bf7 43. Bf4+ Kd7 44. Rh7 Ke8 45. Ke3 Bc4 46. Rg7
1-0

[Event "36 R.G.Nezhmetdinov Memorial"]
[Site ", "]
[Date "2014.06.01"]
[Round "2.43"]
[White "Kitov, Matvey"]
[Black "Ovchinnikov, Vsevolod"]
[Result "0-1"]
[WhiteElo "1839"]
[BlackElo "2135"]
[PlyCount "46"]
[EventDate "2015.??.??"]

1. d4 d5 2. c4 c6 3. cxd5 cxd5 4. Nf3 Nf6 5. Nc3 Nc6 6. Bf4 a6 7. e3 Bg4 8. a3
e6 9. Bd3 Be7 10. O-O Bh5 11. Rc1 O-O 12. h3 Rc8 13. Ne2 Bxf3 14. gxf3 Nd7 15.
Bb1 Nb6 16. Qd3 g6 17. Ba2 Qd7 18. Kh2 Na5 19. b4 Nac4 20. Rg1 Qa4 21. Rg2 Qxa3
22. Qxa3 Nxa3 23. Rcg1 Rc2 0-1

[Event "36 R.G.Nezhmetdinov Memorial"]
[Site ", "]
[Date "2014.06.01"]
[Round "2.44"]
[White "Ofitserian, Boris"]
[Black "Bubnov, Kirill"]
[Result "1-0"]
[WhiteElo "2132"]
[BlackElo "1871"]
[PlyCount "101"]
[EventDate "2015.??.??"]

1. e4 e6 2. d4 d5 3. Nd2 dxe4 4. Nxe4 Nd7 5. g3 Ngf6 6. Nxf6+ Nxf6 7. Bg2 c5 8.
Nf3 cxd4 9. Qxd4 Qxd4 10. Nxd4 a6 11. O-O Bc5 12. Nb3 Bb6 13. c4 O-O 14. Bf4
Re8 15. Rae1 Nd7 16. Bd6 Nb8 17. c5 Bd8 18. Nd2 Nc6 19. Bxc6 bxc6 20. f4 a5 21.
a4 Bf6 22. Be5 Bxe5 23. fxe5 Rd8 24. Ne4 Ba6 25. Rf2 Rd5 26. Nd6 Ra7 27. Rc2
Ra8 28. Re3 Ra7 29. Rb3 h6 30. Rb6 Rxe5 31. Rxc6 Re1+ 32. Kf2 Rf1+ 33. Kg2 Rf6
34. Rxa6 Rxa6 35. c6 e5 36. c7 Ra8 37. c8=Q+ Rxc8 38. Rxc8+ Kh7 39. Ne4 Rb6 40.
Rc2 Rb4 41. Nc3 f5 42. Re2 e4 43. Kf2 g5 44. Ke3 Kg6 45. Rd2 Kh5 46. h3 Kg6 47.
Rd6+ Kh5 48. Rd5 Rxb2 49. Rxf5 Rb3 50. Rc5 Kg6 51. Kxe4 1-0

[Event "36 R.G.Nezhmetdinov Memorial"]
[Site ", "]
[Date "2014.06.01"]
[Round "2.45"]
[White "Gaifullin, Artur"]
[Black "Sharafutdinov, Marat"]
[Result "1-0"]
[WhiteElo "2130"]
[BlackElo "1837"]
[PlyCount "95"]
[EventDate "2015.??.??"]

1. d4 d5 2. c4 c6 3. Nf3 Nf6 4. e3 g6 5. Bd3 Bg4 6. h3 Bxf3 7. Qxf3 Bg7 8. O-O
O-O 9. Nc3 e6 10. Rd1 Nbd7 11. Qe2 Re8 12. Bc2 Qc7 13. Bd2 Rad8 14. Rac1 e5 15.
dxe5 Qxe5 16. cxd5 cxd5 17. Qf1 Nc5 18. Nb5 Nfe4 19. Nd4 a6 20. Ba5 Rc8 21. Rb1
Ne6 22. Ba4 b5 23. Nf3 Qf5 24. Bb3 d4 25. exd4 Nf4 26. Ne1 Ng5 27. Bd2 Nfxh3+
28. gxh3 Nxh3+ 29. Kg2 Qg4+ 30. Kh2 Nxf2 31. Bxf7+ Kxf7 32. Qxf2+ Kg8 33. Be3
Rc6 34. Ng2 Rf6 35. Qg3 Qe4 36. Rf1 Rc6 37. Rbe1 Qd5 38. Nf4 Qxa2 39. Re2 Qf7
40. Rff2 Rf6 41. Nh3 Qd5 42. Rxf6 Bxf6 43. Rf2 Be7 44. Qf3 Bd6+ 45. Kg2 Qe6 46.
Ng5 Qe7 47. Qd5+ Kh8 48. Rf7 1-0

[Event "36 R.G.Nezhmetdinov Memorial"]
[Site ", "]
[Date "2014.06.01"]
[Round "2.46"]
[White "Chernozemov, Andrew"]
[Black "Tukaeva, Adelya"]
[Result "1-0"]
[WhiteElo "2114"]
[BlackElo "1796"]
[PlyCount "101"]
[EventDate "2015.??.??"]

1. Nf3 Nf6 2. b3 d5 3. c4 c6 4. Bb2 Bf5 5. e3 e6 6. Be2 Bd6 7. Ne5 O-O 8. g4
Be4 9. Rg1 Nfd7 10. Nf3 Bxf3 11. Bxf3 Ne5 12. Be2 Qh4 13. Rg2 Qh3 14. Kf1 Ng6
15. Kg1 Nh4 16. Qf1 Nxg2 17. Qxg2 Qxg2+ 18. Kxg2 Nd7 19. d3 f5 20. Nd2 Ne5 21.
h3 Rad8 22. f4 Ng6 23. Nf3 fxg4 24. hxg4 dxc4 25. bxc4 Bxf4 26. exf4 Nxf4+ 27.
Kf1 Nxd3 28. Ba3 Rf4 29. Rd1 Rd7 30. Bc1 Rff7 31. Bxd3 Rxf3+ 32. Ke2 Rdf7 33.
Be4 Rf2+ 34. Ke3 Rxa2 35. Rd8+ Rf8 36. Bxh7+ Kxh7 37. Rxf8 Rc2 38. Bd2 Rxc4 39.
Kf3 b5 40. Ra8 Ra4 41. Rc8 Rc4 42. Rc7 a6 43. Ra7 Ra4 44. Bf4 b4 45. Be5 Ra5
46. Kf4 b3 47. Rxg7+ Kh6 48. g5+ Kh5 49. Rh7+ Kg6 50. Rh6+ Kf7 51. g6+ 1-0

[Event "36 R.G.Nezhmetdinov Memorial"]
[Site ", "]
[Date "2014.06.01"]
[Round "2.47"]
[White "Zhanazarov, Iskander"]
[Black "Sadykov, Airat F"]
[Result "0-1"]
[WhiteElo "1764"]
[BlackElo "2106"]
[PlyCount "70"]
[EventDate "2015.??.??"]

1. e4 e5 2. Nf3 Nf6 3. Nc3 Nc6 4. Bb5 Nd4 5. Bc4 Bc5 6. O-O d6 7. h3 a6 8. a3
O-O 9. d3 h6 10. Nxd4 Bxd4 11. Be3 Bxe3 12. fxe3 c6 13. d4 Qe7 14. Qf3 b5 15.
Bd3 Bb7 16. Rae1 c5 17. dxc5 dxc5 18. b3 Rac8 19. Ra1 Rfd8 20. Rfc1 Qc7 21. Nd1
c4 22. bxc4 bxc4 23. Bf1 Nxe4 24. Qg4 Rd6 25. c3 Rg6 26. Qh4 Nd2 27. g4 Nf3+
28. Kf2 Nxh4 29. Nb2 Rf6+ 30. Ke2 Qc6 31. Kd1 Rd8+ 32. Kc2 Qe4+ 33. Bd3 cxd3+
34. Kd2 Rf2+ 35. Kd1 Qh1# 0-1

[Event "36 R.G.Nezhmetdinov Memorial"]
[Site ", "]
[Date "2014.06.01"]
[Round "2.48"]
[White "Merkushev, Dmitry"]
[Black "Kavyev, Emil"]
[Result "1-0"]
[WhiteElo "2105"]
[BlackElo "1771"]
[PlyCount "53"]
[EventDate "2015.??.??"]

1. Nf3 Nf6 2. g3 g6 3. Bg2 Bg7 4. O-O O-O 5. d4 c5 6. c3 cxd4 7. cxd4 d5 8. Nc3
Bf5 9. Nh4 Be4 10. f3 Bf5 11. Nxf5 gxf5 12. Qd3 e6 13. Bg5 Qb6 14. Bxf6 Bxf6
15. e3 Nc6 16. f4 Be7 17. Qe2 Rac8 18. Kh1 Kh8 19. g4 fxg4 20. f5 Rg8 21. h3
gxh3 22. Bxh3 Rg3 23. Rf3 Rxf3 24. Qxf3 Qxb2 25. Rg1 Qxc3 26. fxe6 fxe6 27. Qf7
1-0

[Event "36 R.G.Nezhmetdinov Memorial"]
[Site ", "]
[Date "2014.06.01"]
[Round "2.49"]
[White "Zlachevskiy, Leonid"]
[Black "Faizrakhmanov, Ildar"]
[Result "1-0"]
[WhiteElo "2093"]
[BlackElo "1721"]
[PlyCount "77"]
[EventDate "2015.??.??"]

1. e4 c5 2. Nc3 d6 3. Nge2 a6 4. d4 cxd4 5. Nxd4 Nf6 6. Bc4 e6 7. Bb3 Qc7 8.
O-O Be7 9. f4 Nc6 10. Be3 b5 11. Qf3 Bb7 12. Rae1 O-O 13. Kh1 b4 14. Nb1 Nxd4
15. Bxd4 e5 16. Bf2 exf4 17. Qxf4 Bxe4 18. Rxe4 Nxe4 19. Qxe4 Bf6 20. c3 bxc3
21. Nxc3 Rae8 22. Qd3 Bxc3 23. bxc3 a5 24. Bg3 Rd8 25. Rd1 Rfe8 26. h3 Qc6 27.
Bd5 Qa4 28. Qf3 Rc8 29. Bb3 Qd7 30. Rxd6 Qe7 31. Rd4 Rcd8 32. Bh4 g5 33. Bxg5
Qxg5 34. Rg4 Qxg4 35. Qxf7+ Kh8 36. hxg4 Rf8 37. Qh5 Kg7 38. Qg5+ Kh8 39. Qe5+
1-0

[Event "36 R.G.Nezhmetdinov Memorial"]
[Site ", "]
[Date "2014.06.01"]
[Round "2.50"]
[White "Kurninov, Andrei"]
[Black "Askerov, Marat"]
[Result "0-1"]
[WhiteElo "1708"]
[BlackElo "2085"]
[PlyCount "68"]
[EventDate "2015.??.??"]

1. e4 e6 2. d4 d5 3. Nd2 c5 4. Ngf3 Nc6 5. c3 Nf6 6. Bd3 cxd4 7. exd5 dxc3 8.
dxc6 Qxd3 9. bxc3 Qxc3 10. O-O Qxc6 11. Bb2 Be7 12. Ne5 Qd5 13. Qe2 O-O 14.
Rfd1 b6 15. Ndf3 Qe4 16. Qb5 Bc5 17. Nd3 Bd7 18. Qa6 Qa4 19. Qb7 Qc6 20. Nxc5
bxc5 21. Qb3 Rab8 22. Qc3 Qc7 23. Ne5 Ba4 24. Ng4 Rxb2 25. Nxf6+ gxf6 26. Qxb2
Bxd1 27. Rxd1 Qe5 28. Qa3 Kg7 29. Qxa7 Rd8 30. Rc1 Rd2 31. g3 Qd4 32. Qxc5 Rd1+
33. Kg2 Qe4+ 34. Kh3 Rd5 0-1

[Event "36 R.G.Nezhmetdinov Memorial"]
[Site ", "]
[Date "2014.06.01"]
[Round "2.51"]
[White "Mamyrbay, Assad"]
[Black "Kleimenov, Ivan"]
[Result "0-1"]
[WhiteElo "2078"]
[BlackElo "1526"]
[PlyCount "50"]
[EventDate "2015.??.??"]

1. e4 e5 2. Nf3 Nc6 3. Bb5 a6 4. Ba4 Nf6 5. O-O Be7 6. Re1 b5 7. Bb3 O-O 8. h3
d5 9. exd5 Nxd5 10. Nxe5 Nxe5 11. Rxe5 Nf6 12. Re1 Bd6 13. d4 Ng4 14. Qf3 Qh4
15. Re4 h5 16. Bf4 Bb7 17. d5 Nf6 18. Rd4 Bc5 19. Rd1 Bb6 20. a4 Rad8 21. axb5
axb5 22. Nc3 b4 23. Bg3 Qg5 24. Ne4 Nxe4 25. Qxe4 Qxg3 0-1

[Event "36 R.G.Nezhmetdinov Memorial"]
[Site "Kazan"]
[Date "2014.06.02"]
[Round "3.1"]
[White "Pogonina, Natalya"]
[Black "Kokarev, Dmitry"]
[Result "0-1"]
[WhiteElo "2501"]
[BlackElo "2628"]
[PlyCount "148"]
[EventDate "2014.??.??"]

1. e4 c5 2. Nf3 d6 3. d4 cxd4 4. Nxd4 Nf6 5. Nc3 a6 6. Be2 e5 7. Nb3 Be7 8. O-O
O-O 9. Re1 Be6 10. Bf3 Nbd7 11. a4 Rc8 12. a5 h6 13. Be3 Nh7 14. Re2 Ndf6 15.
Rd2 Qe8 16. h3 Ng5 17. Bxg5 hxg5 18. Nc1 Rc4 19. N1e2 g6 20. Ng3 Kg7 21. Nf1
Qc6 22. Ra3 Rb4 23. Qa1 Rh8 24. Ne3 Rh4 25. Ncd5 Bxd5 26. exd5 Qc8 27. c4 g4
28. Nxg4 Rxc4 29. Qf1 Rc5 30. Nxf6 Bxf6 31. Bg4 Qc7 32. g3 Rh8 33. b4 Rc3 34.
Rxc3 Qxc3 35. Rd1 Qxb4 36. Rb1 Qxa5 37. Rxb7 Qxd5 38. Qxa6 e4 39. Qb5 Qxb5 40.
Rxb5 Bd4 41. Kg2 Ra8 42. Rb4 Be5 43. f4 exf3+ 44. Bxf3 Ra2+ 45. Kg1 Bxg3 46.
Rb7 Rd2 47. Bc6 Be5 48. Kf1 Rd4 49. Kg2 g5 50. Be8 Rf4 51. Bc6 Kh6 52. Rb3 Rc4
53. Bd7 Rc2+ 54. Kf3 Kg6 55. Ke4 Rc4+ 56. Kd5 Rd4+ 57. Kc6 f5 58. Rf3 Bf4 59.
Rf1 Kf6 60. Re1 Rc4+ 61. Kb6 Re4 62. Rf1 Ke5 63. Rb1 Be3+ 64. Kc7 Rc4+ 65. Kd8
d5 66. Ke7 Rh4 67. Rf1 Rh7+ 68. Ke8 f4 69. Bg4 d4 70. Rb1 d3 71. Rb5+ Kd4 72.
Rb4+ Kc3 73. Rb5 Rh4 74. Rd5 Rxg4 0-1

[Event "36 R.G.Nezhmetdinov Memorial"]
[Site "Kazan"]
[Date "2014.06.02"]
[Round "3.2"]
[White "Bocharov, Dmitry"]
[Black "Gavrilov, Alexei"]
[Result "0-1"]
[WhiteElo "2598"]
[BlackElo "2491"]
[PlyCount "128"]
[EventDate "2014.??.??"]

1. c4 e5 2. Nc3 Nf6 3. Nf3 Nc6 4. e3 Be7 5. a3 a5 6. Qc2 d6 7. b3 h6 8. Bb2 Be6
9. Be2 O-O 10. O-O Qd7 11. d4 exd4 12. exd4 Bf5 13. Qd2 Ne4 14. Nxe4 Bxe4 15.
d5 Bxf3 16. Bxf3 Ne5 17. Be2 Qd8 18. Rae1 Bf6 19. Bd4 Re8 20. Bd1 b6 21. f4 Nd7
22. Bf2 Nf8 23. Bg4 g6 24. Rxe8 Qxe8 25. Re1 Qd8 26. g3 h5 27. Bh3 Nh7 28. Re2
Kf8 29. Qe3 Bg7 30. Kg2 Bf6 31. Qf3 Bg7 32. Be3 f5 33. Bxf5 gxf5 34. Qxh5 Nf6
35. Qxf5 Qd7 36. Qxd7 Nxd7 37. Kf3 a4 38. b4 Re8 39. b5 Nc5 40. g4 Nb3 41. f5
Nd4+ 42. Bxd4 Bxd4 43. Re6 Bb2 44. g5 Bxa3 45. Rh6 Bb2 46. f6 a3 47. Kg4 Re1
48. Rh8+ Kf7 49. Ra8 Re4+ 50. Kf5 Re5+ 51. Kg4 Bc1 52. h4 Re4+ 53. Kh5 Rxc4 54.
Rh8 Bb2 55. Rh7+ Ke8 56. Rh8+ Kf7 57. Rh7+ Kg8 58. Rg7+ Kf8 59. Kg6 a2 60. Rd7
Bxf6 61. gxf6 Rg4+ 62. Kf5 a1=Q 63. Rd8+ Kf7 64. Rd7+ Ke8 0-1